<?xml version="1.0" encoding="UTF-8"?>
<record
    xmlns:xsi="http://www.w3.org/2001/XMLSchema-instance"
    xsi:schemaLocation="http://www.loc.gov/MARC21/slim http://www.loc.gov/standards/marcxml/schema/MARC21slim.xsd"
    xmlns="http://www.loc.gov/MARC21/slim">

  <leader>01754nam a2200277 a 4500</leader>
  <controlfield tag="001">000000089</controlfield>
  <controlfield tag="005">20200929145305.0</controlfield>
  <controlfield tag="008">081031s2008    dr a          001 0 spa d</controlfield>
  <datafield tag="020" ind1=" " ind2=" ">
    <subfield code="a">9789945448009</subfield>
  </datafield>
  <datafield tag="020" ind1=" " ind2=" ">
    <subfield code="a">9945448005</subfield>
  </datafield>
  <datafield tag="040" ind1=" " ind2=" ">
    <subfield code="a">DO-SdBNP</subfield>
    <subfield code="b">spa</subfield>
    <subfield code="c">BNPHU</subfield>
  </datafield>
  <datafield tag="082" ind1=" " ind2=" ">
    <subfield code="a">338.17373</subfield>
    <subfield code="b">C257s</subfield>
  </datafield>
  <datafield tag="245" ind1="0" ind2="0">
    <subfield code="a">Caracterizaci&#xF3;n socioecon&#xF3;mica de las empresas cafetaleras en la Rep&#xFA;blica Dominicana /</subfield>
    <subfield code="c">Franck Galtier ...[et. al.].</subfield>
  </datafield>
  <datafield tag="260" ind1=" " ind2=" ">
    <subfield code="a">Santo Domingo :</subfield>
    <subfield code="b">IDIAF,</subfield>
    <subfield code="c">2008.</subfield>
  </datafield>
  <datafield tag="300" ind1=" " ind2=" ">
    <subfield code="a">75 p. :</subfield>
    <subfield code="b">il. ;</subfield>
    <subfield code="c">23 cm.</subfield>
  </datafield>
  <datafield tag="490" ind1="1" ind2=" ">
    <subfield code="a">Estudios socioecon&#xF3;micos ;</subfield>
    <subfield code="v">1</subfield>
  </datafield>
  <datafield tag="505" ind1="0" ind2=" ">
    <subfield code="a">Introducci&#xF3;n -- Metodolog&#xED;a -- Estudio de casos -- Caracter&#xED;sticas de las empresas cafetaleras -- Recolecci&#xF3;n de datos -- Costo de producci&#xF3;n de un quintal de caf&#xE9; -- Determinantes del precio del caf&#xE9; -- Diversificaci&#xF3;n de las empresas cafetaleras -- Pobreza y vulnerabilidad -- Resultados y discusi&#xF3;n -- Costo de producci&#xF3;n de un quintal de caf&#xE9; -- Determinantes del precio del caf&#xE9; -- Diversificaci&#xF3;n de las empresas cafetaleras -- Pobreza y vulnerabilidad -- Conclusiones -- Bibliograf&#xED;as -- Anexos -- 1. Formulario semestral -- 2. Formulario semanal o peri&#xF3;dico -- 3. &#xCD;ndices de pobreza y vulnerabilidad -- 4. Gr&#xE1;ficas sobre los determinantes de las necesidades b&#xE1;sicas no satisfechas -- 5. Determinantes de la pobreza -- 6. Determinantes de la vulnerabilidad.</subfield>
  </datafield>
  <datafield tag="590" ind1=" " ind2=" ">
    <subfield code="a">Inventariado,2018/DG</subfield>
  </datafield>
  <datafield tag="650" ind1=" " ind2="4">
    <subfield code="a">Caf&#xE9;</subfield>
    <subfield code="x">Comercio</subfield>
    <subfield code="9">295</subfield>
  </datafield>
  <datafield tag="650" ind1=" " ind2="4">
    <subfield code="a">Industria del caf&#xE9;</subfield>
    <subfield code="z">Rep&#xFA;blica Dominicana</subfield>
    <subfield code="9">296</subfield>
  </datafield>
  <datafield tag="650" ind1=" " ind2="4">
    <subfield code="a">Caf&#xE9;</subfield>
    <subfield code="x">Mercadeo</subfield>
    <subfield code="9">297</subfield>
  </datafield>
  <datafield tag="700" ind1="1" ind2=" ">
    <subfield code="a">Galtier, Franck</subfield>
    <subfield code="9">298</subfield>
  </datafield>
  <datafield tag="710" ind1="2" ind2=" ">
    <subfield code="a">Instituto Dominicano de Investigaciones Agropecuarias y Forestales</subfield>
    <subfield code="9">299</subfield>
  </datafield>
  <datafield tag="830" ind1=" " ind2="0">
    <subfield code="a">Estudios socioecon&#xF3;micos ;</subfield>
    <subfield code="n">1</subfield>
    <subfield code="9">300</subfield>
  </datafield>
  <datafield tag="910" ind1=" " ind2=" ">
    <subfield code="a">Validado. Control de calidad MMOLINA</subfield>
  </datafield>
  <datafield tag="952" ind1=" " ind2=" ">
    <subfield code="0">0</subfield>
    <subfield code="1">0</subfield>
    <subfield code="2">ddc</subfield>
    <subfield code="7">5</subfield>
    <subfield code="8">DS</subfield>
    <subfield code="a">BNPHU</subfield>
    <subfield code="b">BNPHU</subfield>
    <subfield code="d">2009-06-16</subfield>
    <subfield code="e">002429</subfield>
    <subfield code="i">LF1</subfield>
    <subfield code="l">0</subfield>
    <subfield code="o">338.17373 C257s</subfield>
    <subfield code="p">89-30</subfield>
    <subfield code="r">2020-06-25</subfield>
    <subfield code="t">e.3</subfield>
    <subfield code="w">2020-06-25</subfield>
    <subfield code="y">LF1</subfield>
  </datafield>
  <datafield tag="952" ind1=" " ind2=" ">
    <subfield code="0">0</subfield>
    <subfield code="1">0</subfield>
    <subfield code="7">1</subfield>
    <subfield code="8">PD</subfield>
    <subfield code="a">BNPHU</subfield>
    <subfield code="b">BNPHU</subfield>
    <subfield code="c">HD</subfield>
    <subfield code="d">2009-06-16</subfield>
    <subfield code="e">000224</subfield>
    <subfield code="i">LF1</subfield>
    <subfield code="l">0</subfield>
    <subfield code="o">338.17373 C257s</subfield>
    <subfield code="p">89-10</subfield>
    <subfield code="r">2020-06-25</subfield>
    <subfield code="w">2020-06-25</subfield>
    <subfield code="y">1</subfield>
    <subfield code="Z">No se presta</subfield>
  </datafield>
  <datafield tag="952" ind1=" " ind2=" ">
    <subfield code="0">0</subfield>
    <subfield code="1">0</subfield>
    <subfield code="2">ddc</subfield>
    <subfield code="7">1</subfield>
    <subfield code="8">PD</subfield>
    <subfield code="a">BNPHU</subfield>
    <subfield code="b">BNPHU</subfield>
    <subfield code="d">2009-06-16</subfield>
    <subfield code="e">000225</subfield>
    <subfield code="i">LF1</subfield>
    <subfield code="l">0</subfield>
    <subfield code="o">338.17373 C257s</subfield>
    <subfield code="p">89-20</subfield>
    <subfield code="r">2020-06-25</subfield>
    <subfield code="t">e.2</subfield>
    <subfield code="w">2020-06-25</subfield>
    <subfield code="y">1</subfield>
  </datafield>
  <datafield tag="999" ind1=" " ind2=" ">
    <subfield code="c">89</subfield>
    <subfield code="d">89</subfield>
  </datafield>
</record>
